Detalles MARC
| 000 -CABECERA |
| campo de control de longitud fija |
00906nam a2200229 u 4500 |
| 001 - NÚMERO DE CONTROL |
| campo de control |
000041796 |
| 005 - FECHA Y HORA DE LA ÚLTIMA TRANSACCIÓN |
| campo de control |
20201002035747.0 |
| 008 - DATOS DE LONGITUD FIJA--INFORMACIÓN GENERAL |
| campo de control de longitud fija |
101130s2002 sp ac 001 0 spa d |
| 020 ## - NÚMERO INTERNACIONAL ESTÁNDAR DEL LIBRO |
| Número Internacional Estándar del Libro |
8400080270 |
| 040 ## - FUENTE DE LA CATALOGACIÓN |
| Centro catalogador/agencia de origen |
DO-SdBNP |
| Lengua de catalogación |
spa |
| Centro/agencia transcriptor |
BNPHU |
| 082 ## - NÚMERO DE LA CLASIFICACIÓN DECIMAL DEWEY |
| Número de clasificación |
XXX |
| 245 00 - MENCIÓN DE TÍTULO |
| Título |
Necesidad de un marco jurídico para el desarrollo rural en España / |
| Mención de responsabilidad, etc. |
editores José Sancho Comíns, Javier Martínez Vega, María Asunción Martín Lou. |
| 260 ## - PUBLICACIÓN, DISTRIBUCIÓN, ETC. |
| Lugar de publicación, distribución, etc. |
Madrid : |
| Nombre del editor, distribuidor, etc. |
Escuela de Estudios Hispano-Americanos de Sevilla, |
| Fecha de publicación, distribución, etc. |
2002. |
| 300 ## - DESCRIPCIÓN FÍSICA |
| Extensión |
540 p. : |
| Otras características físicas |
il., mapas ; |
| Dimensiones |
22 cm. |
| 490 1# - MENCIÓN DE SERIE |
| Mención de serie |
Monografías |
| Designación de volumen o secuencia |
24 |
| 504 ## - NOTA DE BIBLIOGRAFÍA, ETC. |
| Nota de bibliografía, etc. |
Incluye referencias bibliográficas y notas al pie de las páginas. |
| 504 ## - NOTA DE BIBLIOGRAFÍA, ETC. |
| Nota de bibliografía, etc. |
Bibliografía : p. 105-112 |
| 700 1# - PUNTO DE ACCESO ADICIONAL--NOMBRE DE PERSONA |
| Nombre de persona |
Sancho Comíns, José |
| Término indicativo de función/relación |
ed. |
| 9 (RLIN) |
68663 |
| 700 1# - PUNTO DE ACCESO ADICIONAL--NOMBRE DE PERSONA |
| Nombre de persona |
Martínez Vega, Javier |
| Término indicativo de función/relación |
ed. |
| 9 (RLIN) |
14954 |
| 700 1# - PUNTO DE ACCESO ADICIONAL--NOMBRE DE PERSONA |
| Nombre de persona |
Asunción Martín Lou, María |
| Término indicativo de función/relación |
ed. |
| 9 (RLIN) |
68595 |
| 830 #0 - PUNTO DE ACCESO ADICIONAL DE SERIE-TÍTULO UNIFORME |
| Título uniforme |
Monografías ; |
| Designación de volumen o secuencia |
24 |
| 9 (RLIN) |
15334 |